LEADER 00848nam a2200217 i 4500 001 000000147653 003 CaOOAMICUS 005 20060209000000.0 008 060209s2003 it u000 u ita u 013 $a124889 020 $a88-7402-126-7 040 $aSeMil$bita 100 1 $aCafasso, Giuseppe .$0(OLS)http://semarc/name/4880 245 10$aEsercizi spirituali al clero :$bmeditazioni /$cGiuseppe Cafasso ; a cura di Lucio Casto. 300 $a718 p. ;$c24 cm. 500 $aContiene : Bibliografia. 700 1 $aCasto, Lucio.$0(OLS)http://semarc/name/53638 850 $aSeMil 852 $aSeMil$W1$xVenegono$y1$m769 5 1 *$j100194$B100194$CSeMilBibl$Z2$F109091 $81 996 $6020$a88-7402-126-7$9(OLS)http://semarc/number/116138 996 $6245$aEsercizi spirituali al clero :$bmeditazioni$9(OLS)http://semarc/title/191053 LEADER 01161nam a2200253 i 4500 001 000000111567 003 CaOOAMICUS 005 20030916000000.0 008 030916s1980 it u000 u ita u 013 $a84249 040 $aSeMil$bita 245 10$aHenri Le Saux OSB :$buna testimonianza ecumenica in terra indiana. 260 $aMilano :$bCentro interreligioso Henri Le Saux,$c1980. 300 $a152 p., [4] p. di tav. ;$c22 cm. 490 0 $aQuaderni del Centro interreligioso Henri Le Saux ;$v1 500 $aContiene : Bibliografia. - Fondo Card. C.M. Martini. 600 14$aLe Saux, Henri .$0(OLS)http://semarc/subject/19992 830 0$aQuaderni del Centro interreligioso Henri Le Saux ;$v1.$0(OLS)http://semarc/title/10974 850 $aSeMil 852 $aSeMil$W1$xVenegono$y1$m3E III 43$j67391$B67391$CSeMilBibl$Z2$F101697 $81 941 1 $a4 961 $aOmaggio: Martini Card. Carlo Maria 996 $6245$aHenri Le Saux OSB :$buna testimonianza ecumenica in terra indiana$9(OLS)http://semarc/title/162431 996 $6260$aMilano :$bCentro interreligioso Henri Le Saux$9(OLS)http://semarc/publisher/32248